Acreage and Yield Response of Major Crops In Tamil Nadu/ (Record no. 201477)

MARC details
000 -LEADER
fixed length control field 00681nam a22001937a 4500
005 - DATE AND TIME OF LATEST TRANSACTION
control field 20240314113130.0
008 - FIXED-LENGTH DATA ELEMENTS--GENERAL INFORMATION
fixed length control field 090826t xxu||||| |||| 00| 0 eng d
010 ## - LCCN (DPL NO)
LC control number ENG-123226
020 ## - INTERNATIONAL STANDARD BOOK NUMBER
International Standard Book Number 9789380657042
Terms of availability 100.00
035 ## - SYSTEM CONTROL NUMBER
System control number EN-123226
037 ## - SOURCE OF ACQUISITION
Source of stock number/acquisition DBAD/PUB
082 ## - DEWEY DECIMAL CLASSIFICATION NUMBER
Classification number 338.1095431
100 ## - MAIN ENTRY--PERSONAL NAME
Personal name Chitra, M
9 (RLIN) 63322
245 ## - TITLE STATEMENT
Title Acreage and Yield Response of Major Crops In Tamil Nadu/
Statement of responsibility, etc M. Chitra
260 ## - PUBLICATION, DISTRIBUTION, ETC. (IMPRINT)
Name of publisher, distributor, etc Shanklax Publications
Place of publication, distribution, etc Vasantha Nagar
Date of publication, distribution, etc 2010
270 ## - ADDRESS
Address 61, T.P.K. Main Road
City Madurai
Postal code 625003
300 ## - PHYSICAL DESCRIPTION
Extent 134 p.
Dimensions 21cm(pbk)
942 ## - ADDED ENTRY ELEMENTS (KOHA)
Source of classification or shelving scheme Dewey Decimal Classification
Item type English Books
Classification part 338.1095431
Call number suffix CHI
Edition 1
Holdings
Withdrawn status Lost status Source of classification or shelving scheme Damaged status Not for loan Collection code Home library Current library Date acquired Source of acquisition Cost, normal purchase price Total Checkouts Full call number Barcode Date last seen Copy number Cost, replacement price Koha item type
    Dewey Decimal Classification     Non-fiction Bawana Bawana 14/03/2024 DBAD 100.00   338.1095431 CHI EN-123226 14/03/2024 1 100.00 English Books

© Delhi Public Library
Hit Counter
free hit counter